000 00740nam a2200217 a 4500
001 011699
003 BD-ChCU
008 Ben
020 _a৯৮৪০৭৩৮১৯৪
040 _aDLC
_cDLC
_dBD-ChCU
082 0 0 _a৫৪৩.০৮৯/পাল৪১৮ক্রো
100 1 _aপাল, সুভাষ চন্দ্র
_b-
245 1 0 _aক্রোমাটোগ্রাফী পরিচয়
_b-
250 _a***
260 _aঢাকা
_bবাংলা একাডেমী
_c১৯৯১
300 _a**
504 _a- Biblio-
650 0 _aক্রোমাটোগ্রাফী
_bরসায়নবিদ্যা, বিশ্লেষনীয়
700 1 _a-
942 _2ddc
_cBK
999 _c11699
_d11699